|
|
|
|
| LEADER |
00000nab a2200000 a 4500 |
| 001 |
vtls000157387 |
| 003 |
SK-MaSNL |
| 005 |
20260305025851.0 |
| 008 |
250422c1983 xo 0 slo |
| 015 |
|
|
|a SNBRB19rr/mm-uuuuu
|
| 035 |
|
|
|a CL0167494
|
| 035 |
|
|
|a urn:nbn:sk:snk-ab2ipn
|
| 035 |
|
|
|a (urnnbn)urn:nbn:sk:snk:ar-a02h5q
|
| 035 |
|
|
|a (uuid)03af6fb4-c875-4498-aac4-86cf6325947e
|
| 040 |
|
|
|a SNKBUCL
|b slo
|c SNKBUCL
|e AACR2
|
| 041 |
0 |
|
|a slo
|
| 044 |
|
|
|a xo
|c SK
|
| 080 |
|
|
|a 681.5:69
|2 1981
|
| 080 |
|
|
|a 69
|2 1981
|
| 100 |
1 |
|
|a Korčák, Peter
|4 aut
|9 5619
|
| 245 |
1 |
0 |
|a Podsystém ASRP SEI-zdrojová základňa VISRS
|c Peter Korčák
|
| 300 |
|
|
|b Obr. 2., lit. 4 zázn.
|
| 650 |
0 |
7 |
|a stavebníctvo
|2 snkbucl
|9 726
|
| 650 |
0 |
7 |
|a systémy riadenia informačné
|2 snkbucl
|9 959450
|
| 655 |
|
7 |
|a články z novín a časopisov
|2 snkbucl
|9 267496
|
| 773 |
0 |
|
|t Ekonomika stavebníctva
|g Roč. 18, č. 6-7 (1983), s. 202-205
|
| 850 |
|
|
|a Slovenská národná knižnica
|
| 852 |
|
|
|a Slovenská národná knižnica
|
| 954 |
|
|
|a odborná, vedecká literatúra pôvodná (slovenská)
|2 lita
|
| 958 |
|
|
|a article27
|
| 958 |
|
|
|a RK
|
| 958 |
|
|
|a OND
|
| 958 |
|
|
|a EUIPO
|
| 992 |
|
|
|a RBX
|
| 999 |
|
|
|c 3307934
|d 3309864
|